<?xml version="1.0" encoding="UTF-8"?>
<marc:record xmlns:marc="http://www.loc.gov/MARC21/slim">
   <marc:leader>00000nam a2200000 a 4500</marc:leader>
   <marc:datafield ind1="0" ind2="0" tag="245">
      <marc:subfield code="a">Verstehen Sie die Béliers?</marc:subfield>
   </marc:datafield>
   <marc:datafield ind1="0" ind2="0" tag="245">
      <marc:subfield code="b">eine Familie mit Herz</marc:subfield>
   </marc:datafield>
   <marc:datafield ind1=" " ind2="1" tag="264">
      <marc:subfield code="b">EuroVideo</marc:subfield>
      <marc:subfield code="c">2015</marc:subfield>
   </marc:datafield>
   <marc:datafield ind1="1" ind2=" " tag="520">
      <marc:subfield code="a">Ein Wochenmarkt in der franz. Provinz. Am Käsestand wie jede Woche, die gesamte Familie Belier. Während die Eltern und Gigi sowie Sohn Quentin auffällig freundlich aber schweigsam sind, ist Tochter Paula um so gesprächiger. Die Ortsbewohner kennen das, daß Paula in der Gebärdensprache übersetzt. Denn die Familie ist ein verworrener Haufen, der weit davon entfernt ist die Dinge so zu nehmen wie sie sind. Rodolphe will Bürgermeister werden und Paula in Paris Gesang studieren, da ist Trubel vorprogrammiert....</marc:subfield>
   </marc:datafield>
   <marc:datafield ind1="3" ind2=" " tag="024">
      <marc:subfield code="a">4010324201461</marc:subfield>
   </marc:datafield>
</marc:record>
